Equipage du Roux ( One Piece ) - Statistiques

Statistiques générales
  • Ce quiz a été pris 72 fois
  • Le résultat moyen est 6 sur 11
Statistiques - réponses
Par images Réponse % Correct
Shanks
100%
Lucky
95%
Yasopp
95%
Beckmann
75%
Rockstar
61%
Limejuice
41%
Monster
36%
Snake
29%
Bonk
27%
Hongo
27%
Gab
25%
Aucun quiz correspondant
Distribution des résultats
% des personnes avec chaque résultat
Percentile par nombre de réponses
Votre historique - résultats
Vous n’avez pas pris ce quiz